000 01360cam a22003857a 4500
999 _c5148
_d5148
005 20180326031424.0
008 110412s2010 enka b 000 f eng
020 _a9780749707231
_bpaperback
040 _cAPEC Schools LIbrary
_beng
_erda
041 1 _aeng
082 0 4 _aFIC
_bSa229l 2009
100 1 _aSaint-Exupéry, Antoine de,
_d1900-1944.
240 1 0 _aPetit Prince.
_lEnglish
245 1 4 _aThe little prince /
_cAntoine de Saint-Exupéry.
264 _aLondon, UK :
_bEgmort UK Limited,
_c©2009.
_d[2009].
300 _a91 pages :
_bsome illustration ;
_c20 cm
336 _2rdacontent
_atext
337 _2rdamedia
_aunmediated
338 _2rdacarrier
_avolume
650 _aChildren's stories, French
_vTranslation into English.
650 _aFantasy fiction.
700 1 _aWoods, Katherine
_d1886-1968
_eillustrator;
_etranslator.
700 1 _aSchwarz, Chole.
942 _2ddc
_cFIC